000 01591cam a22004214 4500
001 198268
003 ES-MaACL
005 20260623145631.0
008 260416s2008 sp | |||| 001 0 spa
017 _aB 41488-2008
_bOficina Depósito Legal Barcelona
020 _a978-84-8307-844-0
040 _aES-MaACL
_bspa
_cES-MaACL
_erda
080 _a32 Bush, George W.
080 _a329.11(73)
080 _a32(73)"2001/..."
100 1 _aBassets, Lluís
_d1950-
_9154903
_4aut
_eaut
245 1 3 _aLa oca del señor Bush :
_bcómo los "neocons" han destruido el orden internacional desde la Casa Blanca /
_cLluís Bassets
250 _aPrimera edición: octubre de 2008
264 1 _aBarcelona
_bEdiciones Península,
_c2008
264 4 _c©2008
300 _a294 páginas ;
_c24 cm
336 _2rdacontent
_atexto
337 _2rdamedia
_asin mediación
338 _2rdacarrier
_avolumen
490 0 _aAtalaya ;
_v331
500 _aMarcas de uso
500 _aAnotaciones manuscritas
504 _aBibliografía: páginas 287-292. Índice
600 1 7 _aBush, George W.
_d1946-
_2embne
_9243038
650 7 _aConservadurismo
_zEstados Unidos
_2embne
_911288
651 7 _aEstados Unidos
_xPolítica y gobierno
_y2001-2009
_2embne
_98558
852 _aES-MaACL
_cDEPO1
_jA-16035
_hDonación: José Lázaro García
_xEncuadernación rústica con solapas
_9207529
942 _cMONOGRAFIA
_n0
956 _a2
999 _c198268
_d198268